|
|
|
|
| LEADER |
00940nam a2200265 a 4500 |
| 001 |
426 |
| 003 |
BD-DhAAL |
| 005 |
20150310094310.0 |
| 008 |
150310s1996 nyua 001 0 eng |
| 010 |
|
|
|a 95023949
|
| 020 |
|
|
|a 0070456690 (hardcover : alk. paper)
|
| 040 |
|
|
|a DLC
|c DLC
|d DLC
|d BD-DhAAL
|
| 050 |
0 |
0 |
|a TG153
|b .N37 1996
|
| 082 |
0 |
0 |
|a 624/.2/0299
|2 20
|
| 100 |
1 |
|
|a Nardon, J. David
|9 9280
|
| 245 |
1 |
0 |
|a Bridge and structure estimating /
|c J. David Nardon.
|
| 260 |
|
|
|a New York :
|b McGraw-Hill,
|c c1996.
|
| 300 |
|
|
|a xx, 698 p. :
|b ill. ;
|c 25 cm.
|
| 500 |
|
|
|a Includes index.
|
| 541 |
|
|
|e 426
|
| 650 |
|
0 |
|a Bridges
|x Design and construction
|x Estimates.
|9 9281
|
| 650 |
|
0 |
|a Structural engineering
|x Estimates.
|9 9282
|
| 942 |
|
|
|2 ddc
|c BK
|
| 999 |
|
|
|c 33944
|d 33944
|
| 952 |
|
|
|0 0
|1 0
|2 ddc
|4 0
|6 624_202990000000000_NAR
|7 0
|9 52981
|a SCL
|b SCL
|c GEN
|d 2015-03-10
|e Gift: The Asia Foundation
|l 0
|o 624.20299 NAR
|p 3020000426
|r 2015-03-10
|t 1
|w 2015-03-10
|y BK
|